|
|
|
|
| LEADER |
00000nab#a22000007a#4500 |
| 001 |
arbauad003934 |
| 003 |
AR-BaUAD |
| 005 |
20250711110615.0 |
| 008 |
940330|||||||||###||||||b###|0###a|spa|| |
| 040 |
|
|
|a AR-BaUAD
|c AR-BaUAD
|b spa
|
| 245 |
1 |
0 |
|a Banco Municipal de la Ciudad de Buenos Aires
|
| 300 |
0 |
|
|b fot., cortes, vistas, plantas
|
| 653 |
|
|
|a ARQUITECTURA BANCARIA
|
| 653 |
|
|
|a BANCOS
|
| 653 |
|
|
|a BANCO MUNICIPAL DE LA CIUDAD DE BUENOS AIRES
|
| 653 |
|
|
|a MANTEOLA-PETCHERSKY-SANCHEZ GOMEZ-SOLSONA-VIÑOLY
|
| 653 |
|
|
|a MANTEOLA, FLORA
|
| 653 |
|
|
|a PETCHERSKY, IGNACIO
|
| 653 |
|
|
|a SANCHEZ GOMEZ, JAVIER
|
| 653 |
|
|
|a SOLSONA, JUSTO
|
| 653 |
|
|
|a VIÑOLY, RAFAEL
|
| 653 |
|
|
|a BUENOS AIRES, CIUDAD
|
| 653 |
|
|
|a ARGENTINA
|
| 653 |
|
|
|a EQUIPAMIENTO
|
| 653 |
|
|
|a OFICINAS
|
| 653 |
|
|
|a ESCRITORIOS
|
| 653 |
|
|
|a DISEÑO DE INTERIORES
|
| 773 |
0 |
|
|t SUMMA
|g no. 12 [jul. 1968], p. 29-44
|
| 942 |
|
|
|c ARTI
|
| 952 |
|
|
|0 0
|1 0
|4 0
|7 0
|9 48854
|a AR-BAuAD
|b AR-BAuAD
|d 2025-07-11
|l 0
|p AAQA003934
|r 2025-07-11 11:06:15
|w 2025-07-11
|y ARTI
|
| 990 |
|
|
|a AQ196
|b TD
|
| 998 |
|
|
|a AAQ
|b BIBUN76
|
| 999 |
|
|
|c 28527
|d 28527
|